| 000 | 00935nam a2200289 i 4500 | ||
|---|---|---|---|
| 001 | 169556 | ||
| 003 | ES-MaACL | ||
| 005 | 20250827062637.0 | ||
| 008 | 081013s2007 sp |||| | spa d | ||
| 017 | _aM 10.023-2007 | ||
| 020 | _a9788434016907 | ||
| 080 | _a347.238.3(460)"18/20"(094.5) | ||
| 110 | 1 |
_aEspaña _93622 |
|
| 240 | 1 | 0 | _aLeyes, etc., de propiedad horizontal |
| 245 | 1 | 0 | _aPropiedad horizontal. |
| 250 | _a22ª ed. | ||
| 260 |
_aMadrid : _bBoletín Oficial del Estado, _c2007. |
||
| 300 |
_a220 p. ; _c20 cm. |
||
| 490 | 1 |
_aTextos legales ; _v53 |
|
| 500 | _aÍndice. | ||
| 500 | _aEn cub.: "Actualización gratuita en www.boe.es" | ||
| 650 | 0 | 4 |
_aPropiedad horizontal- _zEspaña- _vLegislación. _916481 |
| 830 | 0 |
_aTextos legales ; _v53 _9178122 |
|
| 852 | 4 |
_aES-MaACL _jA-15230 _9R.143977 _b176210 _cDEPO1 _dOlim: L 347.238.3(460) _dOlim Meseton |
|
| 942 | _2udc | ||
| 999 |
_c169556 _d169556 |
||